Quizzes
Events
Quiz Creation
Community
Videos
Private Events
Remove Ads
Sign In
Join for FREE
Feedback
Dark Mode
Quiz Categories
Sports
Geography
Music
Movies
Television
Just For Fun
Miscellaneous
History
Literature
Language
Science
Gaming
Entertainment
Religion
Holiday
For Kids
Quiz Lab
Recent
Popular Today
Quiz Kudos Today
Editor Picks
Curator Picks
Quizzes by...
Day
Popularity
Type
Ratings
Length
Year
Community
Subscriptions
Recent Discussions
Orange Saloon
Badges
Playlists
Quests
Create
Leaderboards
Showdown
Live 5
Trivia Bingo
Activity
Puzzle Library
Sporcle Events
Private Events
Virtual Trivia
Globe League
Become a Host
Pub Owners
SporcleCon
Opinionation
Our Games
Videos
Blog
Mobile Apps
Partnerships
Remove Ads and Go Orange
Feedback
Language
Vocabulary
Begins and Ends
Definition
Spanish
French
German
Italian
Chinese
Latin
Translation
Japanese
Language
Vocabulary
Begins and Ends
Definition
Spanish
French
German
Italian
Chinese
Latin
Translation
Japanese
Random Quiz
Search Sporcle
×
Quiz Lab
Quiz Lab
Language
gold
Type in answers that appear in a list
Type in answers that appear in a list
Classic
Best Score? Go Orange.
6th Grade Gold Word Masters Challenge 2013 Stats
Review 6th Grade Gold Word Masters Challenge!
By
kjhan
7m
25 Questions
21 Plays
21 Plays
21 Plays
Comments
Comments
Give Quiz Kudos
Give Quiz Kudos
-
- Ratings
hide this ad
Replay
Link that replays current quiz
Next Quiz
Link to next quiz in quiz playlist
You Got
0%
They Got
Avg Score
68%
Avg Friend Score
Upgrade to see
Score Distribution
Jump to the score distribution portion of the page
Score
0/25
Timer
07:00
0
Plays Today
Hint, hint!
Answer!
% Correct
A blow or cuff with or as if with the hand/
A meal at which guests serve themselves from various dishes displayed on a table or sideboard.
buffet
95.2%
A tropical storm in the region of the Indian or western Pacific oceans.
typhoon
90.5%
The act or offense of speaking sacrilegiously about God or sacred things; profane talk.
blasphemy
76.2%
Bad-
tempered, argumentative, and uncooperative.
cantankerous
71.4%
A gentle or loving touch/
touch or stroke gently or lovingly.
caress
71.4%
A substance that dissuades particular insects or other pests from approaching or settling/
causing disgust or distaste.
repellent
71.4%
Join or blend to form a single entity.
fuse
66.7%
Admirably purposeful, determined, and unwavering.
resolute
66.7%
Intricate and refined delicacy.
finesse
66.7%
Formally put an end to (a system, practice, or institution).
abolish
66.7%
Deserving censure or condemnation.
reprehensible
66.7%
Mercy; lenience.
clemency
66.7%
Split apart.
sunder
66.7%
Hint, hint!
Answer!
% Correct
Moving (someone or something) in a downward direction.
lowering
66.7%
Fool or deceive (someone).
gull
66.7%
A person who is passionate about a particular cause, typically inciting change and taking radical action/
a piece of burning wood.
firebrand
66.7%
A speech or text criticizing someone or something in this way/
publicly criticize (someone or something) by using ridicule, irony, or sarcasm.
lampoon
66.7%
A period of persistent bargaining/
dispute or bargain persistently, esp. over the cost of something.
haggle
66.7%
Very strange or unusual, esp. so as to cause interest or amusement.
bizarre
66.7%
A bad-
tempered or surly person.
curmudgeon
66.7%
Rise and fall irregularly in number or amount.
fluctuate
66.7%
Clever or skillful in using the hands or mind.
adroit
66.7%
(of a person or their manner) unwilling or unable to believe something.
incredulous
61.9%
Rebuke (someone), esp. officially.
reprimand
61.9%
Firmness of purpose; resoluteness.
determination
57.1%
Quiz Playlist
Details
Report
Send in Message
Add To Playlist
Classic:
Type in answers that appear in a list
Last Updated: Feb 16, 2017
Quiz Scoreboard
CHALLENGE
Sign Up to Join the Scoreboard
Show All
Scores
Hide
Comments
May contain spoilers
Recently Published
1-10 Letter E Words III
by El_Dandy
Language
2m
One Thing in Common: World Cities II
by knightlancer
Geography
7m
Popular People in 1961
by mucciniale
History
6m
More to Explore
Quiz From the Vault
Featured Blog Post
Where Did the Easter Bunny Come From?
hide this ad
You Might Also Like...
Tags
challenge
gold
Review
Today's Top Quizzes in Language
Browse Language
hide this ad
Today's Top Quizzes in gold
Browse gold
Top Contributed Quizzes in Language
1
Order Up: Top 10 Most Native Spoken Languages
2
1-10 Letter F Words III
3
1-10 Letter G Words III
4
One Thing in Common: Italy
5
1-10 Letter H Words III
6
1-10 Letter I Words III
7
Hiragana Speed Reading
8
Begins and Ends With AN
9
Vocabulary 5
10
1-10 Letter J Words III
Explore More
Trending Topics
NBA
Disney
Marvel
Anime
Crossword
Kpop
Harry Potter
Puzzle
NFL
Soccer
WWE
The Office
Song
Pokémon
Country
hide this ad
More By:
kjhan
Quiz
Plays
Rating
Category
Featured
Created
name that naruto character!
455
1.00
Gaming
Sep 1, 2011
6th Grade Gold Word Masters Challenge 2013
21
Language
Oct 9, 2013
Go to Creator's Profile
Score Distribution
Quiz Creator Spotlight
kjhan
Follow
Send a Message
Quizzes Created
-
Created Quiz Play Count
-
More By This Creator
Popular Quizzes Today
1
Find the US States - No Outlines Minefield
2
The Countries of the World
3
Find the Countries of Europe - No Outlines Minefield
4
Popular People in 1961
5
1-10 Letter E Words III
6
Find the US States
7
One Thing in Common: World Cities II
8
US States
More Language Quizzes
Languages in Each Other
Published
Trending Quizzes
Risky Map Clicking: Least Populous States A-Z
1-10 Letter F Words
1-10 Letter G Words
One Thing in Common: United Kingdom
Risky Map Clicking: Next State Alphabetically
Recently Updated
Leaping Animals
pecheneg
Reality TV Shows (A-Z)
bhenderson79
Rickey Henderson's Hall of Fame Teammates
pecheneg
Champions League XIs: Arsenal
pecheneg
Quick Pick: Celebrities in WWE's Hall of Fame
aduchscher
A-Z Keypad Blitz II
pecheneg
Multiple Oscar Actors
pecheneg
Mystery Phrase Blitz: Oscar 'Best Actors'
pecheneg
F. Scott Fitzgerald Novels
LTH
Pick 3 Villains
ddd62291
Trending Topics
Marvel
Anime
NBA
Harry Potter
Kpop
Crossword
Disney
Soccer
Pokémon
Country
The Office
Puzzle
Song
NFL
WWE
Your Account Isn't Verified!
In order to create a playlist on Sporcle, you need to verify the email address you used during registration. Go to your
Sporcle Settings
to finish the process.
Report this User
Report this user for behavior that violates our
Community Guidelines
.
Details:
Send Report
Go to the Sporcle.com Mobile Site →
Comments